| 000 | 00408nam a22001697a 4500 | ||
|---|---|---|---|
| 003 | BD-DhUIB | ||
| 005 | 20251013150304.0 | ||
| 008 | 251013b |||||||| |||| 00| 0 eng d | ||
| 040 |
_aBD-DhUIB _cBD-DhUIB |
||
| 050 | _a658.0072 | ||
| 082 | _222 | ||
| 100 |
_aUma Sekaran. _9996 |
||
| 245 |
_aResearch methods for business/ _cby Sekaran, Uma. |
||
| 250 | _a658.0072 M438r | ||
| 526 | _aBBA. | ||
| 942 |
_2ddc _cBK |
||
| 999 |
_c537 _d537 |
||